00441nam a2200157Ia 4500008004100000020001500041082001500056100001900071245004900090250000800139260003100147300002700178500000700205600002100212650005000233240925s9999 xx 000 0 und d a053495393X a006.37 MIL aMilan , Sonka 0aImage Processing Analysis and Machine Vision a2nd aLondon:bEncy Britc,1999. axiv,846p.bNAfPirated aNA aComputer Science aComputer science, information & general works